Zufällige Mäusejagd in den USA! - Statistiken

Allgemein
  • Dieses Quiz wurde 648 mal gespielt
  • Das Durchschnittsergebnis liegt bei 5 aus 10
Antworten auf der Karte
Die Antworten werden auf der Karte rot bzw. grün angezeigt, abhängig davon wie oft sie richtig erraten wurden.
 
Antwortstatistiken
Zustand % Korrekt
Texas
91%
Kalifornien
83%
Nevada
83%
Florida
81%
Washington
75%
New York
72%
Virginia
72%
Oregon
71%
Montana
69%
New Mexico
67%
Michigan
61%
North Carolina
61%
Alaska
60%
Arizona
60%
South Dakota
60%
Maine
59%
Alabama
57%
Kansas
57%
Minnesota
57%
Nebraska
55%
Ohio
55%
Pennsylvania
53%
Colorado
52%
Idaho
52%
Mississippi
52%
Louisiana
51%
North Dakota
51%
Utah
50%
Kentucky
48%
Vermont
46%
Wisconsin
46%
Indiana
45%
Illinois
44%
Oklahoma
44%
South Carolina
42%
Hawaii
41%
Wyoming
41%
Arkansas
39%
New Hampshire
38%
New Jersey
35%
West Virginia
35%
Maryland
33%
Iowa
32%
Missouri
32%
Massachusetts
31%
Tennessee
31%
Connecticut
27%
Rhode Island
26%
Delaware
23%
Georgien
5%
Keine übereinstimmenden Quizze gefunden
Verteilung der Resultate
Anzahl Personen mit jedem Resultat
Perzentil nach korrekt beantworteten Fragen
Ihre Resultats-Entwicklung
Sie haben dieses Quiz noch nicht gespielt